[Event "CHN-chT 3rd"]
[Site "China"]
[Date "2007.04.26"]
[Round "3"]
[White "Ning, Chunhong"]
[Black "Liu, Pei"]
[Result "1-0"]
[WhiteElo "2354"]
[BlackElo "2299"]
[PlyCount "83"]
[EventDate "2007.04.??"]
[EventType "team-tourn"]
[EventRounds "18"]
[EventCountry "CHN"]
[SourceTitle "EXT 2017"]
[Source "ChessBase"]
[SourceDate "2016.10.25"]
[SourceVersion "1"]
[SourceVersionDate "2016.10.25"]
[SourceQuality "1"]

1. c4 c6 2. e4 d5 3. cxd5 cxd5 4. exd5 Nf6 5. Qa4+ Bd7 6. Qb3 Qc7 7. Nc3 a5 8. Nf3 a4 9. Qd1 Qa5 10. Ne5 Nxd5 11. Nxd7 Nxc3 12. dxc3 Nxd7 13. Be2 e6 14. 0-0 Be7 15. Be3 Nf6 16. b4 Qf5 17. Bd3 Qd5 18. Qc2 0-0 19. Rfd1 Qc6 20. a3 h6 21. c4 Qc7 22. h3 Rfd8 23. Rac1 Bd6 24. Be2 Bf4 25. Bxf4 Qxf4 26. Bf3 Rab8 27. Bxb7 g5 28. g3 Qe5 29. Bg2 h5 30. c5 h4 31. g4 Nd5 32. Bxd5 exd5 33. Qf5 Qb2 34. Qxg5+ Kf8 35. c6 Rbc8 36. Qh6+ Kg8 37. Rc5 Qb3 38. Qg5+ Kf8 39. Rdxd5 Rxd5 40. Qxd5 Qb1+ 41. Kg2 Re8 42. c7 1-0

[Event "Wch U20 Girls"]
[Site "Istanbul"]
[Date "2005.11.20"]
[Round "11"]
[White "Purtseladze, Maka"]
[Black "Liu, Pei"]
[Result "1-0"]
[WhiteElo "2338"]
[BlackElo "2283"]
[PlyCount "79"]
[EventDate "2005.11.09"]
[EventType "swiss"]
[EventRounds "13"]
[EventCountry "TUR"]
[SourceTitle "CBM 109 Extra"]
[Source "ChessBase"]
[SourceDate "2006.01.03"]
[SourceVersion "2"]
[SourceVersionDate "2006.01.03"]
[SourceQuality "1"]

1. d4 d5 2. c4 c6 3. Nf3 Nf6 4. e3 e6 5. Bd3 Nbd7 6. Nbd2 Bd6 7. 0-0 0-0 8. e4 dxe4 9. Nxe4 Nxe4 10. Bxe4 h6 11. Bc2 e5 12. c5 Bc7 13. Be3 f5 14. dxe5 Nxe5 15. Bb3+ Kh8 16. Nxe5 Bxe5 17. Qxd8 Rxd8 18. Rad1 Re8 19. Bd4 Bxd4 20. Rxd4 Be6 21. Bxe6 Rxe6 22. g3 Rae8 23. Kg2 R8e7 24. Rfd1 Re2 25. R1d2 Rxd2 26. Rxd2 Kh7 27. h4 g6 28. b4 Kg7 29. Rd6 h5 30. Kf3 Kf7 31. Kf4 Re6 32. Rxe6 Kxe6 33. Kg5 Kf7 34. a4 a6 35. a5 Kg7 36. f3 Kf7 37. Kh6 f4 38. gxf4 Kf6 39. Kh7 Kf7 40. f5 1-0

[Event "CHN-chT final-B 1st"]
[Site "China"]
[Date "2005.09.16"]
[Round "5"]
[White "Liu, Pei"]
[Black "Wang, Xiaohui"]
[Result "1/2-1/2"]
[WhiteElo "2290"]
[BlackElo "2180"]
[PlyCount "64"]
[EventDate "2005.11.??"]
[EventType "team-tourn"]
[EventRounds "5"]
[EventCountry "CHN"]
[SourceTitle "EXT 2017"]
[Source "ChessBase"]
[SourceDate "2016.10.25"]
[SourceVersion "1"]
[SourceVersionDate "2016.10.25"]
[SourceQuality "1"]

1. d4 Nf6 2. Nf3 e6 3. Bg5 c5 4. e4 cxd4 5. e5 h6 6. Bh4 g5 7. exf6 gxh4 8. Qxd4 h3 9. g3 Nc6 10. Qh4 Qb6 11. Nbd2 Qxb2 12. Rb1 Qxc2 13. Bb5 a6 14. Bxc6 Qxc6 15. 0-0 Bc5 16. Qxh3 b6 17. Ne5 Qc7 18. Rfe1 d6 19. Nd3 Bb7 20. Nxc5 dxc5 21. Nc4 0-0-0 22. Nxb6+ Kb8 23. Qh5 Qc6 24. f3 Rd3 25. Qe5+ Ka7 26. Nc4 Qxf3 27. Qxc5+ Ka8 28. Rxb7 Qxb7 29. Nb6+ Kb8 30. Rb1 Rhd8 31. Nd7+ R8xd7 32. Rxb7+ Kxb7 1/2-1/2

[Event "CHN-chT final-B 1st"]
[Site "China"]
[Date "2005.09.14"]
[Round "3"]
[White "Zhang, Xiaowen"]
[Black "Liu, Pei"]
[Result "1-0"]
[WhiteElo "2191"]
[BlackElo "2290"]
[PlyCount "93"]
[EventDate "2005.11.??"]
[EventType "team-tourn"]
[EventRounds "5"]
[EventCountry "CHN"]
[SourceTitle "EXT 2017"]
[Source "ChessBase"]
[SourceDate "2016.10.25"]
[SourceVersion "1"]
[SourceVersionDate "2016.10.25"]
[SourceQuality "1"]

1. e4 c6 2. d4 d5 3. Nc3 dxe4 4. Nxe4 Nd7 5. Ng5 Ngf6 6. Bd3 e6 7. N1f3 Bd6 8. Qe2 h6 9. Ne4 Nxe4 10. Qxe4 Nf6 11. Qe2 Qc7 12. Bd2 b6 13. 0-0-0 Bb7 14. Ne5 c5 15. Bb5+ Ke7 16. dxc5 bxc5 17. Rhe1 Rhd8 18. g3 a6 19. Ba4 Bxe5 20. Qxe5 Qxe5 21. Rxe5 Rac8 22. b4 Ne4 23. bxc5 f6 24. c6 Bxc6 25. Bb4+ Kf7 26. Rxd8 Rxd8 27. Ra5 Bb7 28. f3 Ng5 29. f4 Nf3 30. Bb3 Nd4 31. Bc4 Rc8 32. Rc5 f5 33. Rxc8 Bxc8 34. Bc5 Nc6 35. Kd2 g5 36. Bd6 Kf6 37. c3 Na5 38. Be2 Nc6 39. Bf3 Bd7 40. Kd3 g4 41. Bg2 Na5 42. Kd4 Bb5 43. Bc7 Nc4 44. a4 Na3 45. Be5+ Kf7 46. axb5 axb5 47. Bc6 1-0

[Event "CHN-chT final-B 1st"]
[Site "China"]
[Date "2005.09.12"]
[Round "1"]
[White "Gong, Qianyun"]
[Black "Liu, Pei"]
[Result "1/2-1/2"]
[WhiteElo "2350"]
[BlackElo "2290"]
[PlyCount "67"]
[EventDate "2005.11.??"]
[EventType "team-tourn"]
[EventRounds "5"]
[EventCountry "CHN"]
[SourceTitle "EXT 2017"]
[Source "ChessBase"]
[SourceDate "2016.10.25"]
[SourceVersion "1"]
[SourceVersionDate "2016.10.25"]
[SourceQuality "1"]

1. e4 c6 2. d4 d5 3. e5 Bf5 4. h4 h5 5. c4 dxc4 6. Bxc4 e6 7. Nc3 Be7 8. g3 Nd7 9. Nge2 Nh6 10. Nf4 g6 11. Ng2 Nb6 12. Be2 Nd5 13. Bxh6 Rxh6 14. Ne3 Bb4 15. Qd2 Rh8 16. 0-0 Nxe3 17. fxe3 g5 18. Bd3 Bxc3 19. bxc3 Bxd3 20. Qxd3 gxh4 21. Rab1 Qg5 22. Rf3 Qg4 23. Qf1 b6 24. Rxf7 Qxg3+ 25. Kh1 Rg8 26. Re7+ Kxe7 27. Qf6+ Kd7 28. Qf7+ Kd8 29. Qf6+ Kc7 30. Qe7+ Kc8 31. Qxe6+ Kb7 32. Qe7+ Ka6 33. Qa3+ Kb7 34. Qe7+ 1/2-1/2

[Event "Torch Cup"]
[Site "Xiapu"]
[Date "2005.06.21"]
[Round "14"]
[White "Liu, Pei"]
[Black "Wang, Doudou"]
[Result "1/2-1/2"]
[WhiteElo "2290"]
[BlackElo "2143"]
[PlyCount "138"]
[EventDate "2005.06.21"]
[EventType "team"]
[EventRounds "19"]
[EventCountry "CHN"]
[SourceTitle "CBM 106 Extra"]
[Source "ChessBase"]
[SourceDate "2005.07.01"]
[SourceVersion "1"]
[SourceVersionDate "2005.07.01"]
[SourceQuality "1"]

1. d4 Nf6 2. Nf3 g6 3. Bg5 Bg7 4. Nbd2 0-0 5. c3 d5 6. e3 h6 7. Bh4 Nbd7 8. Bd3 c5 9. 0-0 Qb6 10. Rb1 e5 11. dxe5 Ng4 12. c4 dxc4 13. Nxc4 Qe6 14. Qc2 Ndxe5 15. Ncxe5 Nxe5 16. Nxe5 Qxe5 17. b3 Be6 18. Bg3 Qg5 19. f4 Qe7 20. f5 Bxf5 21. Bxf5 gxf5 22. Rxf5 Qxe3+ 23. Bf2 Qc3 24. Qxc3 Bxc3 25. Rxc5 Bd2 26. Rc7 b6 27. Rd1 Bf4 28. Rcd7 Rfc8 29. g3 Bc1 30. Rf1 Bg5 31. h4 Rd8 32. Rxd8+ Bxd8 33. Rc1 b5 34. Rc6 Kg7 35. Ra6 Rc8 36. Rxa7 Rc1+ 37. Kg2 Rc2 38. Rb7 Bf6 39. Kf3 Rxa2 40. Rxb5 Rb2 41. Be3 h5 42. Rb6 Rb1 43. Bf4 Bc3 44. Ke4 Rd1 45. Rb5 Rb1 46. Kf5 Bf6 47. Rb6 Bd4 48. Rb7 Bf6 49. b4 Rd1 50. b5 Rd5+ 51. Ke4 Rd4+ 52. Ke3 Rb4 53. Rb8 Bd4+ 54. Kf3 Rb3+ 55. Ke4 Bf2 56. Be5+ f6 57. Bf4 Bxg3 58. Bxg3 Rxg3 59. Kd5 Rg4 60. b6 Rxh4 61. Rc8 Rb4 62. Kc5 Rb1 63. Rc7+ Kg6 64. b7 h4 65. Kc6 h3 66. Rc8 h2 67. Rh8 Rc1+ 68. Kd7 Rb1 69. Kc7 Rc1+ 1/2-1/2

[Event "CHN-chT Torch Real Estate Cup"]
[Site "Wuxi"]
[Date "2005.05.13"]
[Round "12"]
[White "Liu, Pei"]
[Black "Ju, Wenjun"]
[Result "0-1"]
[WhiteElo "2290"]
[BlackElo "2281"]
[PlyCount "120"]
[EventDate "2005.05.08"]
[EventType "team-tourn"]
[EventRounds "13"]
[EventCountry "CHN"]
[SourceTitle "CBM 106 Extra"]
[Source "ChessBase"]
[SourceDate "2005.07.01"]
[SourceVersion "1"]
[SourceVersionDate "2005.07.01"]
[SourceQuality "1"]

1. d4 Nf6 2. c4 g6 3. f3 Bg7 4. e4 d6 5. Nc3 0-0 6. Be3 c5 7. Nge2 Nc6 8. d5 Ne5 9. Ng3 e6 10. Be2 exd5 11. cxd5 a6 12. 0-0 b5 13. Qd2 Re8 14. a3 Nfd7 15. f4 Nc4 16. Bxc4 bxc4 17. Rae1 Rb8 18. Re2 Rb3 19. h3 Qa5 20. Rc1 h5 21. f5 h4 22. Nf1 Ne5 23. fxg6 fxg6 24. Bh6 Bxh3 25. Bxg7 Kxg7 26. Qg5 Bg4 27. Ne3 Qd8 28. Qxd8 Rxd8 29. Nxg4 Nxg4 30. Nd1 Rd3 31. Nf2 Nxf2 32. Rxf2 Rd4 33. Re1 Re8 34. Rfe2 Re5 35. Kh2 g5 36. g3 hxg3+ 37. Kxg3 Rd3+ 38. Re3 Rxe4 39. Rxd3 Rxe1 40. Rc3 Re2 41. Rxc4 Rxb2 42. Ra4 Rd2 43. Rxa6 Rxd5 44. a4 Kf6 45. a5 Rd3+ 46. Kg4 Rd4+ 47. Kg3 Ke5 48. Ra8 Ra4 49. a6 Kd4 50. a7 d5 51. Kg4 c4 52. Kxg5 c3 53. Kf5 c2 54. Rc8 Kd3 55. Ke5 Rxa7 56. Rc5 Ra1 57. Rxd5+ Ke3 58. Ke6 c1Q 59. Re5+ Kf4 60. Rf5+ Kg4 0-1

[Event "CHN-chT Torch Real Estate Cup"]
[Site "Wuxi"]
[Date "2005.05.11"]
[Round "10"]
[White "Skripchenko, Almira"]
[Black "Liu, Pei"]
[Result "1/2-1/2"]
[WhiteElo "2453"]
[BlackElo "2290"]
[PlyCount "47"]
[EventDate "2005.05.08"]
[EventType "team-tourn"]
[EventRounds "13"]
[EventCountry "CHN"]
[SourceTitle "CBM 106 Extra"]
[Source "ChessBase"]
[SourceDate "2005.07.01"]
[SourceVersion "1"]
[SourceVersionDate "2005.07.01"]
[SourceQuality "1"]

1. e4 c6 2. d4 d5 3. Nd2 dxe4 4. Nxe4 Nd7 5. Bd3 Ngf6 6. Ng5 e6 7. N1f3 Bd6 8. Qe2 h6 9. Ne4 Nxe4 10. Qxe4 Nf6 11. Qe2 b6 12. Bd2 Bb7 13. 0-0-0 Qe7 14. Kb1 0-0-0 15. Ba6 c5 16. Bxb7+ Qxb7 17. dxc5 Bxc5 18. Ne5 Ne4 19. Be3 Rxd1+ 20. Rxd1 Rd8 21. Bxc5 Nxc5 22. f3 Rxd1+ 23. Qxd1 f6 24. Nc4 1/2-1/2

[Event "CHN-chT Torch Real Estate Cup"]
[Site "Wuxi"]
[Date "2005.05.08"]
[Round "7"]
[White "Liu, Pei"]
[Black "Wang, Xiaohui"]
[Result "0-1"]
[WhiteElo "2290"]
[BlackElo "2180"]
[PlyCount "103"]
[EventDate "2005.05.08"]
[EventType "team-tourn"]
[EventRounds "13"]
[EventCountry "CHN"]
[SourceTitle "CBM 106 Extra"]
[Source "ChessBase"]
[SourceDate "2005.07.01"]
[SourceVersion "1"]
[SourceVersionDate "2005.07.01"]
[SourceQuality "1"]

1. d4 Nf6 2. Nf3 e6 3. Bg5 c5 4. e3 h6 5. Bh4 b6 6. Bd3 Bb7 7. Nbd2 Be7 8. 0-0 d6 9. c3 Nc6 10. Qe2 0-0 11. Rfd1 Nh5 12. Bxe7 Qxe7 13. Ba6 Bxa6 14. Qxa6 Nf6 15. a4 Rfd8 16. Rac1 e5 17. dxc5 dxc5 18. e4 Rd7 19. Qe2 Rad8 20. Nc4 Qe6 21. Rxd7 Rxd7 22. Nfd2 Ne7 23. f3 Ng6 24. g3 h5 25. Nf1 h4 26. Nce3 Qc6 27. Qc4 Nf8 28. Rd1 Rxd1 29. Nxd1 Qd7 30. Nde3 hxg3 31. hxg3 Ne6 32. Qb5 Qc8 33. Nf5 Qd8 34. N5e3 Ng5 35. Kf2 g6 36. Qc6 Kg7 37. Nd5 Ne6 38. Nxf6 Qxf6 39. Qd6 Qg5 40. Ne3 Qh5 41. Ng4 Ng5 42. Qxe5+ Kf8 43. Qd5 Nh3+ 44. Ke3 Ng5 45. Qd8+ Kg7 46. Qf6+ Kf8 47. Ne5 Qh1 48. Nxg6+ Kg8 49. Ne7+ Kf8 50. Ng6+ Kg8 51. Qd8+ Kg7 52. Qf8+ 0-1

[Event "Jinan Torch Cup"]
[Site "Jinan"]
[Date "2005.04.22"]
[Round "3"]
[White "Liu, Pei"]
[Black "Gong, Qianyun"]
[Result "1-0"]
[WhiteElo "2290"]
[BlackElo "2350"]
[PlyCount "65"]
[EventDate "2005.04.20"]
[EventType "team"]
[EventRounds "9"]
[EventCountry "CHN"]
[SourceTitle "CBM 106 Extra"]
[Source "ChessBase"]
[SourceDate "2005.07.01"]
[SourceVersion "1"]
[SourceVersionDate "2005.07.01"]
[SourceQuality "1"]

1. d4 f5 2. Nf3 Nf6 3. c4 g6 4. g3 Bg7 5. Bg2 d6 6. Nc3 0-0 7. 0-0 Qe8 8. d5 a5 9. Be3 h6 10. Qd2 g5 11. Bd4 c6 12. c5 dxc5 13. Bxc5 Nbd7 14. Be3 cxd5 15. Nxd5 Nxd5 16. Qxd5+ Kh7 17. Qb5 e5 18. Nd2 e4 19. Rac1 Nf6 20. Qxe8 Rxe8 21. Nc4 Nd5 22. Bc5 Be6 23. Rfd1 Nc3 24. bxc3 Bxc4 25. Rd7 Kg6 26. Rcd1 b5 27. g4 Bxc3 28. R1d6+ Re6 29. gxf5+ Kxf5 30. Rf7+ Ke5 31. Bh3 g4 32. Bxg4 Rg8 33. Rf5# 1-0

[Event "Jinan Torch Cup"]
[Site "Jinan"]
[Date "2005.04.21"]
[Round "2"]
[White "Tan, Zhongyi"]
[Black "Liu, Pei"]
[Result "0-1"]
[WhiteElo "2276"]
[BlackElo "2290"]
[PlyCount "80"]
[EventDate "2005.04.20"]
[EventType "team"]
[EventRounds "9"]
[EventCountry "CHN"]
[SourceTitle "CBM 106 Extra"]
[Source "ChessBase"]
[SourceDate "2005.07.01"]
[SourceVersion "1"]
[SourceVersionDate "2005.07.01"]
[SourceQuality "1"]

1. d4 d5 2. c4 c6 3. Nf3 Nf6 4. Nc3 e6 5. e3 Nbd7 6. Bd3 Bd6 7. 0-0 0-0 8. Qc2 dxc4 9. Bxc4 a6 10. Rd1 b5 11. Be2 Qe7 12. e4 e5 13. g3 Rd8 14. dxe5 Nxe5 15. Bg5 Bh3 16. Bxf6 gxf6 17. Nxe5 Bxe5 18. Bf3 Rxd1+ 19. Rxd1 Rd8 20. Qe2 Be6 21. Bg4 b4 22. Rxd8+ Qxd8 23. Nd1 a5 24. Ne3 Kf8 25. Bf5 Bxa2 26. Bxh7 Be6 27. Bf5 Ke7 28. h4 Bd4 29. h5 a4 30. h6 a3 31. bxa3 b3 32. Bxe6 fxe6 33. Nc4 Qg8 34. Kg2 e5 35. Nd2 b2 36. Qh5 Qh7 37. g4 b1Q 38. Nxb1 Qxe4+ 39. Kh2 Qf4+ 40. Kh1 Qxf2 0-1

[Event "CHN-chT (Women)"]
[Site "Suzhou"]
[Date "2001.03.28"]
[Round "3"]
[White "Liu, Pei"]
[Black "Xu, Tong"]
[Result "0-1"]
[WhiteElo "2378"]
[BlackElo "2119"]
[PlyCount "56"]
[EventDate "2001.03.02"]
[EventType "team"]
[EventRounds "10"]
[EventCountry "CHN"]
[SourceTitle "EXT 2002"]
[Source "ChessBase"]
[SourceDate "2001.11.25"]
[SourceVersion "1"]
[SourceVersionDate "2001.11.25"]
[SourceQuality "1"]

1. e4 c5 2. Nc3 Nc6 3. g3 g6 4. Bg2 Bg7 5. f4 d6 6. Nf3 e6 7. d3 Nge7 8. Be3 0-0 9. 0-0 Rb8 10. a4 b6 11. Rb1 d5 12. exd5 exd5 13. d4 Nf5 14. Bf2 cxd4 15. Nb5 Ne3 16. Bxe3 dxe3 17. Ng5 Ne7 18. Qd3 h6 19. Nf3 Bf5 20. Qxe3 Bxc2 21. Rbe1 Nf5 22. Qa3 a6 23. Nc3 d4 24. Nd1 Bxd1 25. Rxd1 Ne3 26. Ne5 Bxe5 27. fxe5 Nxf1 28. Bxf1 Qd5 0-1